| 000 | 02181nam a2200205Ia 4500 | ||
|---|---|---|---|
| 003 | OSt | ||
| 005 | 20250609112546.0 | ||
| 008 | 210210b1986 xxu||||| |||| 00| 0 eng d | ||
| 040 | _cAL | ||
| 041 | _aKannada | ||
| 082 | _aK894.1 ACHS | ||
| 100 |
_aACHARYA (Pa Vem) _dಆಚಾರ್ಯ (ಪಾ ವೆಂ) _9213407 |
||
| 245 |
_aSubhashita chamatkara _b ಸುಭಾಷಿತ ಚಮತ್ಕಾರ |
||
| 260 |
_aBengaluru _bSaitya Bhandara _c1986 |
||
| 300 | _a172 | ||
| 520 | _aಪಾ.ವೆಂ. ಆಚಾರ್ಯರ ಕೃತಿ-ಸುಭಾಷಿತ ಚಮತ್ಕಾರ. ಸಂಸ್ಕೃತದಲ್ಲಿಯ ಆಯ್ದ ಸುಭಾಷಿತಗಳನ್ನು ಕನ್ನಡಕ್ಕೆ ಅನುವಾದಿಸಿರುವ ಕೃತಿ ಇದು. ಸರಸ್ವತೀ ಮನೋಹರೀ, ಧನ ಮಹಿಮೆ, ಮನೋಬಲಂ ಬಲಂ, ಈ ನಂಟು ಕಗ್ಗಂಟು, ಸಜ್ಜನ-ದುರ್ಜನ, ಆಳುವವರ ಸ್ವರೂಪ, ಸ್ತುತಿ ಚಮತ್ಕಾರ, ವೈರಾಗ್ಯ ಭಾಗ್ಯ ಹೀಗೆ ವೈವಿಧ್ಯಮಯವಾದ ಒಟ್ಟು 13 ವಿಷಯಗಳಡಿ ಸುಭಾಷಿತಗಳನ್ನು ಕನ್ನಡಕ್ಕೆ ಅನುವಾದಿಸಲಾಗಿದೆ. ಕನ್ನಡ ಹಾಗೂ ಸಂಸ್ಕೃತದಲ್ಲಿ ಸಾಂದರ್ಭಿಕ ಟಿಪ್ಪಣಿಗಳನ್ನು ನೀಡಿದ್ದು, ಓದುಗರಿಗೆ ಸುಗಮವಾಗಿಸಲಾಗಿದೆ. ಇಲ್ಲಿಯ ಬಹುತೇಕ ಸುಭಾಷಿತಗಳು ಕಸ್ತೂರಿ, ಪರಂಜ್ಯೋತಿ ಹಾಗೂ ಉದಯವಾಣಿ ಪತ್ರಿಕೆಗಳಲ್ಲಿ ಪ್ರಕಟವಾದವು. ಸುಭಾಷಿತಗಳ ಪೈಕಿ ಲೋಕೋಕ್ತಿ, ಚಾಟೂಕ್ತಿ, ಸರಸೋಕ್ತಿಗಳ ಸರಣಿಯು ಲಲಿತ ಗಾಂಭೀರ್ಯತೆಯಿಂದ ಸಾಗಿದೆ ಎಂದು ಕೃತಿಗೆ ಮುನ್ನುಡಿ ಬರೆದ ಡಾ. ಕೆ. ಕೃಷ್ಣಮೂರ್ತಿ ಪ್ರಶಂಸಿಸಿದ್ದಾರೆ | ||
| 690 |
_aKannada Poetry _9213408 |
||
| 906 | _a039367 | ||
| 942 |
_2ddc _cBK |
||
| 999 |
_c89276 _d89276 |
||